000 00470nam a2200145Ia 4500
008 231129s1996||||xx |||||||||||||| ||spa||
020 _a958-635-229-3
040 _bspa
082 _a(EN PROCESO DE DESCARTE) 342.06 R696m
100 _aRodrí­guez Santos Carlos Manuel
245 0 _aManual de derecho administrativo
260 _c1996
264 _aSantafé de Bogotá: Ediciones Librerí­a del Profesional
942 _2ddc
_cBKS
999 _c20343
_d20343